MARC
| LEADER | 00000 a a2200000 04500 | ||
|---|---|---|---|
| 001 | 3189 | ||
| 003 | cru IIS/CIDCACS | ||
| 005 | 20230519161156.0 | ||
| 008 | 230519b |||||||| |||| 00| 0 spa d | ||
| 040 | |a Centro de Recursos para el Aprendizaje y la Investigación |b esp |c cru IIS/CIDCACS | ||
| 090 | |a 18.08.01 L551m | ||
| 100 | |a Lemelin, André | ||
| 245 | |a Métodos de análisis cuantitativo de las ciencias sociales | ||
| 260 | |a San José: |b FLACSO, |c Programa Costa Rica | ||
| 300 | |a 192 p | ||
| 300 | |b **no definido** | ||
| 942 | |2 ddc |c LI |i 18.08.01 L551m |k 18.08.01 |m L551m |6 180801_L551M | ||
| 999 | |c 14823 |d 14823 | ||
